000 00430nam a2200169Ia 4500
003 LK-CoDNM
005 20240926101428.0
008 010623t1888 xxu||||| |||| 00| 1 eng d
040 _aLK-CoDNM
_dLK-CoDNM
_eLK-CoDNM
041 _aeng
080 _a24
_bD3
100 _aRamanathan,P.
245 _aOn the Ethnology of the "Moors" of Ceylon
260 _bTimes of Ceylon
_aColombo
_c1888
300 _b61p. ; 20 cm
942 _cBK
999 _c82911
_d82911